| 000 | 00766nam a22002412 4500 | ||
|---|---|---|---|
| 001 | 0000023764 | ||
| 005 | 20151217152248.0 | ||
| 008 | 130322s xx 000 0 eng d | ||
| 020 | _a0198530077 : | ||
| 040 |
_aKABU _cKABU |
||
| 100 | 1 |
_aRichards, Dunca. _@0000183460 |
|
| 245 | 1 | 0 |
_aOxford handbook of practical drug therapy / _cDuncan Richards, Jeffrey Aronson. |
| 250 | _a1st ed. | ||
| 260 |
_aOxford : _bO. U. P., _c2005. |
||
| 300 | _axix, 699 p. | ||
| 650 | 0 |
_aDrugs _vHandbooks, manuals, etc. _xPrescribing. _@0000183461 |
|
| 650 | 0 |
_aChemotherapy. _@0000180291 |
|
| 650 | 0 |
_aParmacology. _@0000183462 |
|
| 700 | 1 |
_aAronson, Jeffrey. _@0000183463 |
|
| 852 | 1 | _9p2795 KES | |
| 908 | _a130322 | ||
| 950 | _@1 | ||
| 999 |
_c9968 _d9968 |
||